Vista normal Vista MARC

Entrada Meeting Name

Número de registros utilizados en: 1

001 - CONTROL NUMBER

  • control field: 7357

003 - CONTROL NUMBER IDENTIFIER

  • control field: OSt

005 - DATE AND TIME OF LATEST TRANSACTION

  • control field: 20200715170717.0

008 - FIXED-LENGTH DATA ELEMENTS

  • fixed length control field: 200715|| aca||aabn | a|a d

040 ## - CATALOGING SOURCE

  • Original cataloging agency: OSt
  • Transcribing agency: OSt

111 ## - HEADING--MEETING NAME

  • Meeting name or jurisdiction name as entry element: Federación Nacional de Cafeteros de Colombia

670 ## - SOURCE DATA FOUND

  • Source citation: Work cat.: (OSt)5609: Colombia. Fundación para la Educación Superior y el Desarrollo 6948, The Colombian economy : , 1995.